000 00530nmm a2200169Ia 4500
008 251105s9999||||xx |||||||||||||||||und||
020 _a8497420349
041 _aspa
100 _aOrellana, Margarita de.
245 0 _aEl cine norteamericano de la Revolución Mexicana (1911-1917), Margarita de Orellana
264 _a[Madrid, España] :
_bBiblioteca Nueva,
_c2003
300 _a302 páginas
490 _a--Sin Colección
650 _aFilm studies
856 _uhttps://public.digitaliapublishing.com/a/4883
942 _cCF
999 _c74042
_d74042